000 00507nam a2200181Ia 4500
008 090124s9999 xx 000 0 und d
082 _b5159
_a246
100 _aकाणेकर अनंत
245 _a पिकलीं पाने
250 _a1
260 _c1934
300 _a140
600 _aकाणेकर अनंत
630 _a पिकलीं पाने
700 _aकाणेकर अनंत
730 _a पिकलीं पाने
942 _cBOOK
999 _c119100
_d119100